000 00305nam a22001457a 4500
020 _a978-81-264-40436
082 _a894.812.3
_bSAR/P
100 _aSARASWATHIYAMMA
245 _aPREMABHAJANAM
260 _aKOTTAYAM
_bDC BOOKS
_c2013
300 _a127
520 _aNOVEL
650 _aNOVEL
942 _cBK
999 _c5248
_d5248